Die 500 beliebtesten Mädchen Vornamen 2023 - Statistiken

Allgemein
  • Dieses Quiz wurde 1.480 mal gespielt
  • Das Durchschnittsergebnis liegt bei 139 aus 500
Antwortstatistiken
Code Name % Korrekt
A-4 Anna
92%
L-3 Lia
91%
E-4 Emma
87%
L-5 Leana
87%
M-3 Mia
87%
E-4 Emmi
86%
H-6 Hannah
86%
L-4 Lena
86%
M-5 Marie
85%
M-4 Mary
85%
L-3 Lea
84%
E-4 Elli
83%
L-4 Lisa
82%
M-5 Maria
82%
S-5 Sarah
80%
S-6 Sophia
79%
S-6 Sophie
79%
L-4 Lina
77%
L-4 Lara
75%
E-4 Ella
74%
J-5 Julia
74%
E-6 Emilia
73%
A-4 Anne
72%
E-5 Elisa
72%
J-5 Janna
72%
L-5 Laura
72%
J-4 Jana
71%
N-4 Nina
70%
P-5 Paula
70%
A-4 Anni
69%
E-5 Ellen
69%
A-4 Amal
68%
I-3 Ina
68%
E-5 Emily
67%
E-4 Elin
66%
L-6 Leonie
66%
I-3 Ida
65%
I-7 Isabell
65%
L-5 Luisa
65%
P-3 Pia
65%
C-9 Charlotte
64%
M-5 Milla
64%
J-7 Johanna
63%
M-4 Mara
63%
C-5 Clara
62%
M-4 Mila
62%
K-9 Katharina
61%
A-5 Alina
60%
A-6 Amelie
59%
H-5 Helen
59%
H-5 Helin
59%
L-5 Lilly
59%
L-4 Luna
59%
L-4 Leni
57%
Z-3 Zoe
57%
C-9 Christina
56%
E-3 Eva
56%
F-9 Franziska
56%
L-4 Lana
56%
M-5 Minna
55%
P-7 Pauline
55%
M-4 Maja
54%
M-4 Mina
54%
M-4 Mira
54%
N-4 Nele
54%
N-4 Nora
54%
A-7 Antonia
53%
E-5 Elena
53%
S-4 Sina
53%
H-6 Helena
52%
I-8 Isabella
52%
O-6 Olivia
52%
E-9 Elisabeth
51%
F-5 Finja
51%
L-5 Luise
51%
L-5 Lotta
50%
P-7 Paulina
50%
L-3 Lou
49%
A-6 Annika
48%
F-6 Frieda
48%
J-4 Jule
48%
L-5 Lotte
48%
C-5 Carla
47%
J-6 Jasmin
47%
M-7 Marlene
47%
M-4 Mona
47%
V-7 Vanessa
47%
C-7 Carolin
46%
F-5 Fiona
46%
A-9 Alexandra
45%
L-5 Linda
45%
M-6 Melina
45%
R-4 Rosa
45%
B-5 Bella
44%
C-6 Celina
44%
C-6 Chiara
44%
E-4 Elsa
44%
S-5 Selin
44%
V-8 Victoria
44%
C-6 Celine
43%
J-9 Josephine
43%
M-8 Mathilda
43%
T-4 Thea
43%
K-3 Kim
42%
K-4 Kira
42%
L-4 Lore
42%
T-7 Theresa
42%
D-4 Dana
41%
G-5 Greta
41%
H-6 Helene
41%
L-7 Larissa
41%
R-5 Ronja
41%
M-6 Marina
40%
V-9 Valentina
40%
A-8 Annalena
39%
C-8 Carlotta
39%
D-5 Diana
39%
M-9 Magdalena
39%
M-6 Martha
39%
M-7 Melanie
39%
M-7 Melissa
39%
M-5 Merle
39%
S-5 Sonja
39%
A-6 Amelia
38%
M-6 Miriam
38%
X-5 Xenia
38%
A-6 Amalia
37%
A-3 Amy
37%
A-4 Anja
37%
E-5 Elina
37%
F-5 Flora
37%
L-4 Lucy
37%
M-5 Malin
37%
M-6 Milena
37%
A-6 Alissa
36%
E-3 Ela
36%
S-6 Selina
36%
S-6 Stella
36%
V-8 Veronika
36%
L-5 Leona
35%
L-5 Liana
35%
L-3 Liv
35%
N-3 Nia
35%
N-6 Nicole
35%
T-6 Tamara
35%
A-9 Anastasia
34%
A-8 Annabell
34%
J-5 Julie
34%
L-4 Leen
34%
T-4 Tara
34%
J-7 Juliana
33%
M-5 Malia
33%
N-4 Nala
33%
R-3 Ria
33%
C-8 Carolina
32%
D-5 Daria
32%
J-7 Josefin
32%
J-4 Juna
32%
M-8 Michelle
32%
V-4 Vera
32%
V-6 Vivien
32%
A-5 Amira
31%
A-6 Andrea
31%
C-6 Carina
31%
J-5 Janne
31%
L-4 Lola
31%
L-5 Lucia
31%
R-4 Rita
31%
R-4 Rose
31%
T-4 Toni
31%
V-6 Verena
31%
A-4 Alia
30%
A-5 Alice
30%
A-4 Alma
30%
B-6 Bianca
30%
E-5 Elise
30%
F-8 Fabienne
30%
H-5 Heidi
30%
L-5 Lilia
30%
S-6 Samira
30%
Z-5 Zahra
30%
Z-4 Zoey
30%
D-4 Dina
29%
L-5 Layla
29%
L-5 Leyla
29%
L-6 Lorena
29%
M-5 Marla
29%
R-4 Romy
29%
V-5 Viola
29%
A-5 Alisa
28%
A-3 Ava
28%
E-4 Edda
28%
E-4 Enna
28%
E-3 Evi
28%
J-5 Jonna
28%
M-8 Mathilde
28%
V-7 Valeria
28%
V-7 Valerie
28%
A-5 Alena
27%
A-5 Amina
27%
C-4 Cara
27%
C-5 Chloe
27%
E-4 Erna
27%
R-7 Rebecca
27%
R-7 Rosalie
27%
T-5 Tilda
27%
A-6 Alicia
26%
A-8 Angelina
26%
A-6 Ariana
26%
F-9 Felicitas
26%
F-5 Freya
26%
J-5 Jette
26%
L-4 Lene
26%
L-5 Livia
26%
L-5 Luana
26%
L-4 Lynn
26%
M-6 Malina
26%
N-7 Natalie
26%
N-4 Nika
26%
P-8 Patricia
26%
W-5 Wilma
26%
E-4 Enni
25%
E-6 Esther
25%
F-6 Franka
25%
L-6 Lilian
25%
A-5 Anita
24%
A-7 Aurelia
24%
D-8 Dorothea
24%
E-6 Evelyn
24%
N-4 Nila
24%
R-4 Rosi
24%
T-5 Tabea
24%
A-7 Annelie
23%
C-4 Cleo
23%
F-4 Fine
23%
H-9 Henriette
23%
I-4 Iris
23%
J-6 Jolina
23%
J-9 Josephina
23%
M-7 Marlena
23%
M-6 Marlie
23%
N-5 Nelly
23%
S-5 Selma
23%
T-5 Tessa
23%
A-6 Aurora
22%
F-5 Fenja
22%
H-7 Hermine
22%
J-7 Jasmina
22%
J-5 Joana
22%
L-7 Leandra
22%
N-5 Naomi
22%
N-5 Noemi
22%
R-4 Ruth
22%
Y-4 Yara
22%
A-7 Alessia
21%
F-10 Florentine
21%
G-8 Gabriela
21%
J-5 Josie
21%
K-8 Kimberly
21%
L-6 Linnea
21%
L-5 Lydia
21%
M-6 Millie
21%
P-8 Philippa
21%
A-3 Ada
20%
A-7 Adriana
20%
A-4 Alea
20%
A-5 Aylin
20%
H-5 Hilda
20%
K-5 Käthe
20%
L-7 Liliana
20%
L-3 Liz
20%
R-6 Romina
20%
S-4 Sama
20%
T-6 Tamina
20%
D-6 Dilara
19%
E-6 Eliana
19%
F-7 Felicia
19%
F-6 Felina
19%
H-6 Hailey
19%
I-3 Iva
19%
I-3 Ivy
19%
N-4 Nela
19%
A-6 Amanda
18%
C-7 Cecilia
18%
D-5 Delia
18%
E-4 Elea
18%
F-6 Feline
18%
G-6 Giulia
18%
K-4 Kaja
18%
K-4 Kate
18%
L-7 Leonora
18%
M-5 Maila
18%
M-8 Mariella
18%
T-6 Thalia
18%
A-4 Alva
17%
A-4 Ayla
17%
D-5 Dalia
17%
E-4 Elif
17%
J-5 Jella
17%
J-5 Jolie
17%
N-7 Natalia
17%
N-6 Noelia
17%
T-5 Tiana
17%
A-5 Adele
16%
C-5 Celia
16%
E-5 Eleni
16%
E-4 Enie
16%
J-7 Johanne
16%
J-6 Joline
16%
M-6 Madita
16%
M-5 Malea
16%
M-5 Malou
16%
M-7 Melinda
16%
N-3 Nea
16%
R-5 Rieke
16%
A-4 Alba
15%
A-5 Anisa
15%
E-3 Eda
15%
H-5 Holly
15%
L-5 Lenja
15%
M-6 Mailin
15%
M-7 Marleen
15%
M-6 Mathea
15%
N-5 Nelia
15%
N-4 Nisa
15%
O-7 Ophelia
15%
R-4 Ruby
15%
S-6 Selena
15%
S-4 Svea
15%
T-8 Theodora
15%
Z-6 Zeynep
15%
A-7 Aaliyah
14%
A-5 Anouk
14%
A-4 Arin
14%
C-6 Claire
14%
D-3 Dea
14%
E-8 Eleonora
14%
E-4 Eliz
14%
F-6 Fatima
14%
I-4 Irma
14%
K-5 Kiana
14%
L-4 Lani
14%
L-6 Lilith
14%
M-6 Madlen
14%
M-6 Mariam
14%
M-5 Melia
14%
N-4 Nova
14%
P-6 Palina
14%
S-5 Sanna
14%
T-5 Tiara
14%
W-5 Wanda
14%
A-5 Amara
13%
C-7 Camilla
13%
D-3 Dua
13%
E-4 Esra
13%
F-5 Felia
13%
F-6 Fritzi
13%
G-6 Gloria
13%
G-5 Grace
13%
H-5 Hedda
13%
L-5 Lavin
13%
L-5 Lenia
13%
L-7 Letizia
13%
M-9 Madeleine
13%
M-6 Malena
13%
M-6 Milana
13%
N-5 Nadia
13%
N-4 Nola
13%
P-8 Penelope
13%
P-7 Philine
13%
P-6 Polina
13%
R-4 Raya
13%
S-4 Sila
13%
Y-5 Ylvie
13%
A-7 Adelina
12%
A-4 Arya
12%
E-5 Eliza
12%
E-4 Enya
12%
M-5 Miley
12%
R-4 Runa
12%
A-5 Aisha
11%
A-6 Alisha
11%
A-5 Amaya
11%
A-6 Amilia
11%
A-5 Arina
11%
A-4 Azra
11%
C-4 Clea
11%
E-7 Eleanor
11%
E-5 Emina
11%
E-5 Emine
11%
H-4 Hedi
11%
K-5 Kayla
11%
L-7 Lisbeth
11%
M-6 Malika
11%
P-6 Phoebe
11%
A-7 Abigail
10%
A-6 Aleyna
10%
E-4 Esma
10%
H-5 Hazal
10%
H-5 Hazel
10%
H-4 Hope
10%
I-4 Iman
10%
I-5 Imani
10%
L-5 Levke
10%
L-5 Liara
10%
L-10 Lieselotte
10%
L-4 Liya
10%
M-5 Maira
10%
M-7 Marlies
10%
M-5 Mavie
10%
M-6 Melisa
10%
R-5 Rahel
10%
S-4 Sana
10%
S-6 Smilla
10%
T-5 Talea
10%
U-3 Una
10%
A-6 Alison
9%
A-5 Amine
9%
E-6 Elenor
9%
E-7 Evelina
9%
I-6 Ilayda
9%
J-4 Jade
9%
L-4 Laya
9%
L-4 Leia
9%
L-4 Liva
9%
M-5 Melek
9%
M-6 Meryem
9%
P-7 Philina
9%
T-4 Tala
9%
T-5 Tuana
9%
Y-4 Ylva
9%
Z-5 Zarah
9%
A-5 Alara
8%
A-6 Almira
8%
A-5 Ayana
8%
C-8 Cataleya
8%
E-6 Elaine
8%
E-6 Eloise
8%
I-6 Ilaria
8%
J-6 Jamila
8%
J-6 Joleen
8%
K-5 Kalea
8%
K-6 Karlie
8%
M-6 Medina
8%
M-6 Melody
8%
M-5 Miral
8%
N-5 Naemi
8%
N-5 Nayla
8%
N-5 Neyla
8%
P-9 Philomena
8%
P-4 Pola
8%
S-6 Salome
8%
A-4 Asya
7%
D-5 Darya
7%
N-4 Naya
7%
N-4 Nour
7%
S-4 Sena
7%
S-5 Solea
7%
A-5 Alaya
6%
A-4 Amra
6%
A-4 Asel
6%
D-5 Defne
6%
H-4 Hira
6%
I-5 Inaya
6%
L-6 Liyana
6%
M-5 Malak
6%
S-5 Salma
6%
E-6 Eleyna
5%
E-5 Enola
5%
L-5 Layan
5%
M-5 Majvi
5%
M-6 Maliya
5%
M-4 Masa
5%
M-5 Miray
5%
S-6 Safiya
5%
S-6 Sofija
5%
S-4 Ajla
4%
C-6 Ceylin
4%
E-5 Ecrin
4%
E-5 Esila
4%
E-5 Eslem
4%
E-4 Evin
4%
H-5 Hafsa
4%
K-7 Khadija
4%
M-5 Masal
4%
M-4 Meva
4%
M-5 Mihra
4%
N-5 Nefes
4%
N-4 Neva
4%
S-4 Sare
4%
S-5 Sidra
4%
S-5 Skadi
4%
Z-5 Zehra
4%
Z-5 Zümra
4%
A-5 Ayliz
3%
E-5 Efnan
3%
H-5 Havin
3%
I-4 Ikra
3%
N-5 Nilay
3%
Keine übereinstimmenden Quizze gefunden
Verteilung der Resultate
Anzahl Personen mit jedem Resultat
Perzentil nach korrekt beantworteten Fragen
Ihre Resultats-Entwicklung
Sie haben dieses Quiz noch nicht gespielt